000 00563nam a2200205Ia 4500
005 20250508155821.0
008 008 250505s9999 xx 000 0 eng d
037 _aTextual
040 _aFEDL
_beng
_cFEDL
041 _aeng
_2eng
084 _a574, BEA
_qFEDL
100 _aBeaver William C
_9767553
245 0 _aLaboratory manual in general biology
250 _a8
260 _aSaint Louis
_bC V Mosby Company
_c1970
300 _aviii,183p
700 _a Noland George B
_9767554
942 _cTEXL
_h574, BEA
999 _c1359442
_d1359442